Príprava a reakcie 2,6-dioxa-3-azabicyklo[3.1.0]hexánov bakalárska práca

Salvato in:
Dettagli Bibliografici
Autore principale: Spišáková, Mária
Natura: Libro
Lingua:slovacco
Pubblicazione: Bratislava FCHPT STU 2013
Accesso online:Visualizza in OPAC
Tags: Aggiungi Tag
Nessun Tag, puoi essere il primo ad aggiungerne!!

MARC

LEADER 00000nam a2200000 a 4500
005 20260127134155.0
008 131106 2013 000 0 slo d
035 |a vtls010556374 
039 9 |y 201311061107  |z mschk03 
040 |a STUSCHK1  |b slo  |c STUSCHK1  |e AACR2 
100 1 |a Spišáková, Mária 
245 1 |a Príprava a reakcie 2,6-dioxa-3-azabicyklo[3.1.0]hexánov  |b bakalárska práca  |c Mária Spišáková 
260 |a Bratislava  |b FCHPT STU  |c 2013 
300 |a 27 s.  |b il.  |c 30 cm 
500 |a Obhájené: 10.07.2013 
500 |a Štud. program: Chémia, medicínska chémia a chemické materiály 
500 |a Štud. odbor: Chémia, chemické technológie 
500 |a Škol. pracovisko: Odd. organickej chémie 
500 |a Evid. číslo: FCHPT-13569-43611 
910 |a SCHK95 
999 |c 5843  |d 5843